| 000 | 00428nam a22001217a 4500 | ||
|---|---|---|---|
| 040 | _cRUA | ||
| 082 | _aATM.Sp KIM 2003 B059 Or.1 | ||
| 100 | _aKIM, PHANNAK. | ||
| 245 | _aCashew -nut production in kampongcham province, ផលិតកម្មដំណាំស្វាយចន្ទី ក្នុងខេត្តកំពង់ចាម | ||
| 260 |
_aPhnom Penh _bRUA _c2003 |
||
| 300 |
_a63p. _bill. _c29cm. |
||
| 942 | _cATMSP | ||
| 999 |
_c1426 _d1426 |
||